000
00302nam a22001337a 4500
008
170606b xxu||||| |||| 00| 0 eng d
020
_a
9780299101848
041
_a
eng
080
_a
94(4)
100
_a
18
101
_a
SHH
245
_a
A HISTORY OF EUROPEAN RACISM
_c
MOOSE.G.L
942
_2
udc
_c
BK
999
_c
16034
_d
16034